LEADER 01226cam0-2200373---450- 001 990004677390403321 005 20110211115450.0 035 $a000467739 035 $aFED01000467739 035 $a(Aleph)000467739FED01 035 $a000467739 100 $a19990604d1973----km-y0itay50------ba 101 0 $aita 102 $aIT 105 $ay-------001yy 200 1 $aAmore e Psiche$estruttura di una "Fiaba di magia"$fTeresa Mantero 210 $aGenova$cIstituto di Filologia classica e medievale$d1973 215 $a228 p.$d22 cm 225 1 $aPubblicazioni dell'Istituto di filologia classica dell'Università di Genova$v36 304 $aSul front.: Università di Genova, Facoltà di Lettere 610 0 $aApuleio$aMetamorfosi$aAmore e Psiche$aFiaba 676 $a873.01 700 1$aMantero,$bTeresa$0162532 702 1$aApuleius$f<2. sec.> 801 0$aIT$bUNINA$gRICA$2UNIMARC 901 $aBK 912 $a990004677390403321 952 $aFonti II Apuleius St. 8$b1436$fNAP02 952 $aP2B-650-APUL.-8M.T.-1973$bIst.Fil.cl. 4995$fFLFBC 952 $aP2B-650-APUL.-8M.T.-1973 bis$bBibl. 47439$fFLFBC 959 $aFLFBC 959 $aNAP02 996 $aAmore e Psiche$9554973 997 $aUNINA LEADER 03594oam 22006734a 450 001 9910781313003321 005 20230406201555.0 010 $a1-57506-529-0 024 7 $a10.1515/9781575065298 035 $a(CKB)2550000000039421 035 $a(EBL)3155530 035 $a(OCoLC)922991601 035 $a(SSID)ssj0000647152 035 $a(PQKBManifestationID)12234263 035 $a(PQKBTitleCode)TC0000647152 035 $a(PQKBWorkID)10593728 035 $a(PQKB)11620071 035 $a(Au-PeEL)EBL3155530 035 $a(CaPaEBR)ebr10483378 035 $a(OCoLC)1055340147 035 $a(MdBmJHUP)musev2_80894 035 $a(MiAaPQ)EBC3155530 035 $a(DE-B1597)583692 035 $a(OCoLC)1266227870 035 $a(DE-B1597)9781575065298 035 $a(EXLCZ)992550000000039421 100 $a20010827d2004 uy 0 101 0 $aeng 135 $aur|n|---||||| 181 $ctxt$2rdacontent 182 $cc$2rdamedia 183 $acr$2rdacarrier 200 04$aThe Phoenicians in Spain $ean archaeological review of the eighth-sixth centuries B.C.E. : a collection of articles translated from Spanish /$ftranslated and edited by Marilyn R. Bierling; associate editor, Seymour Gitin 210 1$aWinona Lake, Ind. :$cEisenbrauns, Inc.,$d2004. 210 4$d©Jan. 2004. 215 $a1 online resource (xv, 304 pages) $cillustrations, maps, plans 300 $aDescription based upon print version of record. 311 0 $a1-57506-056-6 320 $aIncludes bibliographical references and index. 327 $aThe Phoenician settlement of the 8th century B.C. in Morro de Mezquitilla (Algarrobo, Ma?laga) / Hermanfrid Schubart -- The Phoenician settlement at Toscanos : urbanization and function / Hans Georg Niemeyer -- Phoenician and Punic Sexi / Manuel Pellicer Catala?n -- Notes on the economy of the Phoenician settlements in southern Spain / Mari?a Eugenia Aubet Semmler -- Phoenician trade in the West : balance and perspectives / Mari?a Eugenia Aubet Semmler -- La Fonteta : a Phoenician city in the far West / Alfredo Gonza?lez Prats, Antonio Garci?a Menarguez, and Elisa Ruiz Segura. 327 $aThe ancient colonization of Ibiza : mechanisms and process / Juan Ramo?n -- The ancient Phoenicians of the 8th and 7th centuries B.C. in the Bay of Ca?diz : state of research / Diego Ruiz Mata -- Some questions regarding the Tartessian orientalizing period / Mari?a Eugenia Aubet Semmler -- The Phoenician impact on Tartessos : spheres of interaction / Mari?a Eugenia Aubet Semmler -- The Tartessian economy : mining and metallurgy / Jesu?s Ferna?ndez Jurado -- The beginnings of the Phoenician presence in southwestern Andalusia / Diego Ruiz Mata; Trade$bEisenbrauns, Incorporated. 330 8 $aAnnotation$bTwelve essays, written by various scholars and originally published in Spanish, explore the ways in which Phoenician colonization of the Iberian Peninsula was a function of Assyrian westward expansion. 606 $aSocial Science$xArchaeology 606 $aExcavations (Archaeology)$zEurope 606 $aPhoenicians 607 $aSpain$xAntiquities 607 $aSpain$xAntiquities, Phoenician 615 0$aSocial Science$xArchaeology. 615 0$aExcavations (Archaeology) 615 0$aPhoenicians. 676 $a936.6/02 702 $aGitin$b Seymour$4edt$4trl 702 $aBierling$b Marilyn R.$f1949-$4edt$4trl 801 0$bMdBmJHUP 801 1$bMdBmJHUP 906 $aBOOK 912 $a9910781313003321 996 $aThe Phoenicians in Spain$93672429 997 $aUNINA LEADER 04941oam 2201261 c 450 001 9910831885803321 005 20260302090207.0 010 $a9783839424087 010 $a3839424089 024 7 $a10.14361/transcript.9783839424087 035 $a(CKB)2550000001337602 035 $a(EBL)1914229 035 $a(SSID)ssj0001354543 035 $a(PQKBManifestationID)11880256 035 $a(PQKBTitleCode)TC0001354543 035 $a(PQKBWorkID)11327451 035 $a(PQKB)10180263 035 $a(SSID)ssj0001403802 035 $a(PQKBManifestationID)11890759 035 $a(PQKBTitleCode)TC0001403802 035 $a(PQKBWorkID)11368976 035 $a(PQKB)11400027 035 $a(MiAaPQ)EBC1914229 035 $a(DE-B1597)395430 035 $a(OCoLC)892891158 035 $a(OCoLC)903966595 035 $a(DE-B1597)9783839424087 035 $a(MiAaPQ)EBC6695226 035 $a(Au-PeEL)EBL6695226 035 $a(OCoLC)885022095 035 $a(transcript Verlag)9783839424087 035 $a(ScCtBLL)52ac5aae-39b6-4c2b-9b13-5ec54eeae2ba 035 $a(Perlego)1463149 035 $a(EXLCZ)992550000001337602 100 $a20260302h20142013 uy 0 101 0 $ager 135 $aur|n|---||||| 181 $ctxt 182 $cc 183 $acr 200 10$aNeubesetzungen des Kunst-Raumes$eFeministische Kunstausstellungen und ihre Räume, 1972-1987$fMonika Kaiser 205 $a1st ed. 210 $aBielefeld$ctranscript Verlag$d2014 210 $d2014, c2013 215 $a1 online resource (299 p.) 225 0 $aEdition Museum 300 $aDescription based upon print version of record. 311 08$a9783837624083 311 08$a3837624080 311 08$a9781306996372 311 08$a1306996376 320 $aIncludes bibliographical references. 327 $a1 Inhalt 5 Vorwort 7 1. Einleitung 11 2. Kunst-Raum und Geschlecht 23 3. Zur Brisanz des Privatraumes in Ku?nstlerinnenausstellungen am Anfang der 70er Jahre 27 4. Feministische Kunst-Ra?ume im Internationalen Jahr der Frau 83 5. Positionierungsversuche im Kunst-Raum 1976/77 127 6. Feministische Konzepte zu einer Erweiterung des Kunst-Raumes in den achtziger Jahren 171 7. Auf der Schwelle zur O?ffnung musealer Kunst-Ra?ume 237 8. Zusammenfassung und Ausblick 277 9. Bibliografie 287 298 330 $aWie stehen Kunst und weibliche Emanzipation in Zusammenhang? Mit einem Spannungsbogen von den hochpolitischen Anfängen feministischer Künstlerinnenausstellungen am Anfang der 1970er Jahre bis zu deren subversiven Ausläufern Mitte der 1980er Jahre stellt Monika Kaiser internationale Projekte wie Womanhouse (Judy Chicago), Magna Feminismus und Kunst mit Eigen-Sinn (Valie Export) sowie sechs weitere exemplarische Ausstellungen in einen neuen, am Raum orientierten Bedeutungszusammenhang.Unveröffentlichtes Quellenmaterial ermöglicht die Rekonstruktion konkreter Ausstellungsräume und gibt Einblick in einen bislang unterschätzten Teil emanzipatorischer Ausstellungskultur. 330 1 $aBesprochen in:Stichwort, 37 (2014), Marlene Haider 410 0$aEdition Museum ;$vBand 2. 517 2 $aKaiser, Neubesetzungen des Kunst-Raumes$eFeministische Kunstausstellungen und ihre Räume, 1972-1987 606 $aFeminismus und Kunst 606 $aArts 606 $aAusstellungsraum 606 $aMuseum 606 $aMuseumskunde 606 $aCultural History 606 $aArt History of the 20th Century 606 $aKünstlerinnen 606 $aGeschlechterforschung 1972-1987 606 $aMuseology 606 $aGender 606 $aGender Studies 606 $aVALIE EXPORT 606 $aFine Arts 606 $aWomanhouse 606 $aMagna Feminismus 606 $aKunst 606 $aKulturgeschichte 606 $aKunstgeschichte des 20. Jahrhunderts 606 $aMuseumswissenschaft 606 $aKunstwissenschaft 615 4$aFeminismus und Kunst 615 4$aArts 615 4$aAusstellungsraum 615 4$aMuseum 615 4$aMuseumskunde 615 4$aCultural History 615 4$aArt History of the 20th Century 615 4$aKünstlerinnen 615 4$aGeschlechterforschung 1972-1987 615 4$aMuseology 615 4$aGender 615 4$aGender Studies 615 4$aVALIE EXPORT 615 4$aFine Arts 615 4$aWomanhouse 615 4$aMagna Feminismus 615 4$aKunst 615 4$aKulturgeschichte 615 4$aKunstgeschichte des 20. Jahrhunderts 615 4$aMuseumswissenschaft 615 4$aKunstwissenschaft 676 $a701.03 686 $aLH 60250$2rvk 700 $aKaiser$b Monika$p

Monika Kaiser, Deutschland

$4aut$01013420 801 0$bDE-B1597 801 1$bDE-B1597 906 $aBOOK 912 $a9910831885803321 996 $aNeubesetzungen des Kunst-Raumes$92356732 997 $aUNINA